| 000 | 00000nam##2200000za#4500 |
| 001 | 9.643206 |
| 003 | CaOODSP |
| 005 | 20210624224049 |
| 007 | cr ||||||||||| |
| 008 | 150407|1998||||xxc|||||o f|0| 0 fre|d |
| 040 | |aCaOODSP|bfre |
| 043 | |an-cn--- |
| 086 | 1 |aEn14-184/1998F-PDF |
| 110 | 1 |aCanada. |bEnvironnement Canada. |
| 245 | 10|aEnvironnement Canada conseils d'application - questions et réponses concernant le Règlement sur le benzène dans l'essence |h[ressource électronique] |
| 260 | |aOttawa - Ontario : |bEnvironnement Canada |c27 mai 1998. |
| 300 | |a64, 6p. |
| 500 | |aComprend un addendum, publiée le 16 octobre 1998. |
| 590 | |a14-21-Supp|b2014-12-11 |
| 691 | 07|aDroit de l'environnement|2gcpds |
| 691 | 07|aGazoline|2gcpds |
| 775 | 08|tEnvironment Canada guidance document - questions and answers on the federal Benzene in Gasoline Regulations |w(CaOODSP)9.699156 |
| 856 | 40|ahttp://publications.gc.ca|qPDF|s173 Ko|uhttps://publications.gc.ca/collections/collection_2014/ec/En14-184-1998-1-fra.pdf |
| 856 | 40|ahttp://publications.gc.ca|qPDF|s20 Ko|uhttps://publications.gc.ca/collections/collection_2014/ec/En14-184-1998-2-fra.pdf |